Документный ресурс: учебное пособие для вузов

Bibliografische gegevens
Hoofdauteur: Столяров Ю. Н. Юрий Николаевич
Samenvatting:Исключено из фонда НТБ ТПУ
Taal:Russisch
Gepubliceerd in: Москва, Либерея, 2001
Formaat: Boek
KOHA link:https://koha.lib.tpu.ru/cgi-bin/koha/opac-detail.pl?biblionumber=30602

MARC

LEADER 00000nam0a2200000 4500
001 30602
005 20231030204001.0
010 |a 5851291257 
035 |a (RuTPU)RU\TPU\book\30875 
035 |a BOOK00000047 
090 |a 30602 
100 |a 20011209d2001 m y0rusy50 ca 
101 0 |a rus 
102 |a RU 
105 |a y j 001zy 
200 1 |a Документный ресурс  |e учебное пособие для вузов  |f Ю. Н. Столяров 
210 |a Москва  |c Либерея  |d 2001 
215 |a 149 с. 
320 |a Библиогр.: с. 149. 
333 |a Исключено из фонда НТБ ТПУ 
700 1 |a Столяров  |b Ю. Н.  |g Юрий Николаевич 
801 0 |a RU  |b 63413507  |c 20011209  |g PSBO 
801 2 |a RU  |b 63413507  |c 20170315  |g PSBO 
942 |c BK